[Event "Oslo op2"]
[Site "Oslo"]
[Date "2005.03.08"]
[Round "4"]
[White "Simula, Leon"]
[Black "Kofoed, Leif Morten"]
[Result "1-0"]
[WhiteElo "2035"]
[BlackElo "1470"]
[PlyCount "60"]
[EventDate "2005.02.15"]
[EventType "swiss"]
[EventRounds "9"]
[EventCountry "NOR"]
[SourceTitle "EXT 2007"]
[Source "ChessBase"]
[SourceDate "2006.11.23"]
[SourceVersion "1"]
[SourceVersionDate "2006.11.23"]
[SourceQuality "1"]

1. d4 Nf6 2. c4 e5 3. dxe5 Ng4 4. Bf4 Nc6 5. Nf3 Bb4+ 6. Nbd2 Qe7 7. a3 Ngxe5 8. Nxe5 Nxe5 9. e3 Ng6 10. Bxc7 Bc5 11. Nb3 d6 12. Ba5 0-0 13. Be2 Bxe3 14. fxe3 Re8 15. Bd2 Qh4+ 16. g3 Qe4 17. 0-0 Bh3 18. Rf2 Ne5 19. Qb1 Qc6 20. Nd4 Qc7 21. Qd1 Rad8 22. Rc1 Nd7 23. Bg4 Bxg4 24. Qxg4 Nc5 25. Nf5 f6 26. Qd4 Re4 27. Qd5+ Kh8 28. Bc3 Ree8 29. Nxg7 Kxg7 30. Bxf6+ Kg6 1-0